Initial general report. (Record no. 51503)
[ view plain ]
| 000 -LEADER | |
|---|---|
| fixed length control field | 00781cam a22002411 4500 |
| 001 - CONTROL NUMBER | |
| control field | pa 62000124 |
| 003 - CONTROL NUMBER IDENTIFIER | |
| control field | DLC |
| 005 - DATE AND TIME OF LATEST TRANSACTION | |
| control field | 20260227111856.0 |
| 008 - FIXED-LENGTH DATA ELEMENTS--GENERAL INFORMATION | |
| fixed length control field | 791012s1962 dcu 000 0 eng c |
| 010 ## - LIBRARY OF CONGRESS CONTROL NUMBER | |
| LC control number | pa 62000124 |
| 035 ## - SYSTEM CONTROL NUMBER | |
| System control number | (OCoLC)5521503 |
| 040 ## - CATALOGING SOURCE | |
| Original cataloging agency | Pan American Union. Library |
| Transcribing agency | NGenoU |
| Modifying agency | DLC |
| 042 ## - AUTHENTICATION CODE | |
| Authentication code | premarc |
| 043 ## - GEOGRAPHIC AREA CODE | |
| Geographic area code | cl----- |
| 050 00 - LIBRARY OF CONGRESS CALL NUMBER | |
| Classification number | F1405.5 1959 |
| Item number | .O7 OEA/ser.L/X.II.1 rev. 2 |
| 110 2# - MAIN ENTRY--CORPORATE NAME | |
| Corporate name or jurisdiction name as entry element | Organization of American States. |
| Subordinate unit | Special Consultative Committee on Security. |
| 245 10 - TITLE STATEMENT | |
| Title | Initial general report. |
| 260 ## - PUBLICATION, DISTRIBUTION, ETC. | |
| Place of publication, distribution, etc. | Washington, |
| Name of publisher, distributor, etc. | Pan American Union, |
| Date of publication, distribution, etc. | 1962. |
| 300 ## - PHYSICAL DESCRIPTION | |
| Extent | 70 p. |
| Dimensions | 28 cm. |
| 490 1# - SERIES STATEMENT | |
| Series statement | OEA/ser.L/X/II.1, rev. 2 (English) |
| 650 #0 - SUBJECT ADDED ENTRY--TOPICAL TERM | |
| Topical term or geographic name entry element | Communism |
| Geographic subdivision | Latin America. |
| 830 #0 - SERIES ADDED ENTRY--UNIFORM TITLE | |
| Uniform title | OAS official records ; |
| Volume/sequential designation | OEA/ser. L/X/II.1, rev. 2. |
No items available.